Statistics for Countries, US States, Capitals, Elements, 100 Most Common Words: written with no enclosed areas

Click here to take the quiz!

General Stats

  • This quiz has been taken 199 times
  • The average score is 23 of 59

Answer Stats

ANSWER% Correct
{I}
84%
{IT}
73%
{HE}
70%
{THE}
70%
{IN}
69%
{IF}
63%
{HIS}
60%
{ZINC}
58%
{FIJI}
56%
{THEN}
55%
{WE}
54%
{CHILE}
54%
{US}
54%
{TIN}
54%
{ME}
53%
{HIM}
51%
{ITS}
50%
{THEM}
50%
{THIS}
49%
{MY}
48%
{YEMEN}
48%
{SHE}
48%
{WHEN}
46%
{THEY}
45%
{THESE}
44%
{WILL}
41%
{SEE}
40%
{LIKE}
40%
{WHICH}
40%
{EVEN}
35%
{KIEV}
35%
{WITH}
35%
{HELIUM}
34%
{WELL}
34%
{THINK}
33%
{GET}
33%
{NEW}
31%
{TUNIS}
31%
{JUST}
31%
{GIVE}
30%
{TIME}
30%
{USE}
28%
{TENNESSEE}
26%
{MINSK}
26%
{CHEYENNE}
25%
{CESIUM}
23%
{LIECHTENSTEIN}
21%
{SEYCHELLES}
21%
{HELSINKI}
21%
{KENTUCKY}
20%
{SELENIUM}
19%
{LITHIUM}
15%
{EINSTEINIUM}
15%
{NICKEL}
15%
{VILNIUS}
14%
{THULIUM}
10%
{TUNGSTEN}
9%
{TECHNETIUM}
8%
{LUTETIUM}
8%

Score Distribution

Percentile by Number Answered

Percent of People with Each Score

Your Score History

You have not taken this quiz